LEADER 00877nam0-22002891i-450- 001 990006937190403321 005 0010720 035 $a000693719 035 $aFED01000693719 035 $a(Aleph)000693719FED01 035 $a000693719 100 $a20010720d1959----km-f0itay50------ba 101 0 $aeng 102 $aIT 105 $ay-------001yy 200 1 $aFAO Mediterranean Development Project$ethe Integrated Development of Mediterranean Agriculture and Forestry in relation to Economic Growth$ea Study and Proposals for Action$fFAO 210 $aRome$cFAO$d1959 215 $aXIX, 213 p.$d24 cm 676 $a341$v20$zita 710 02$aFAO$017670 801 0$aIT$bUNINA$gRICA$2UNIMARC 901 $aBK 912 $a990006937190403321 952 $aXXII FAO 1$b60058$fFGBC 959 $aFGBC 996 $aFAO Mediterranean Development Project$9628421 997 $aUNINA LEADER 01696nas 2200517- 450 001 9910407552203321 005 20200726071409.5 011 $a1754-470X 035 $a(DE-599)ZDB2482439-2 035 $a(OCoLC)301761811 035 $a(CKB)1000000000365721 035 $a(CONSER)--2009254024 035 $a(EXLCZ)991000000000365721 100 $a20090205a20089999 --- a 101 0 $aeng 135 $aur||||||||||| 181 $ctxt$2rdacontent 182 $cc$2rdamedia 183 $acr$2rdacarrier 200 00$aCognitive behaviour therapist 210 1$aCambridge :$cCambridge University Press,$d2008- 215 $a1 online resource 311 $a1754-4696 606 $aCognitive therapy$vPeriodicals 606 $aBehavior therapy$vPeriodicals 606 $aCognitive Behavioral Therapy 606 $aBehavior Therapy 606 $aCognitive Therapy$2ebps$3(uri) http://id.worldcat.org/fast/fst01432033 606 $aBehavior Therapy$2ebps$3(uri) http://www.ncbi.nlm.nih.gov/mesh/?term=D001521 606 $aBehavior therapy$2fast$3(OCoLC)fst00829929 606 $aCognitive therapy$2fast$3(OCoLC)fst01432033 608 $aPeriodical. 608 $aPeriodicals.$2fast 615 0$aCognitive therapy 615 0$aBehavior therapy 615 12$aCognitive Behavioral Therapy. 615 12$aBehavior Therapy. 615 7$aCognitive Therapy. 615 7$aBehavior Therapy. 615 7$aBehavior therapy. 615 7$aCognitive therapy. 712 02$aBritish Association for Behavioural and Cognitive Psychotherapies, 906 $aJOURNAL 912 $a9910407552203321 996 $aCognitive behaviour therapist$91897722 997 $aUNINA